अमर पौराणिक कहानियाँ / (Record no. 15512)

MARC details
000 -LEADER
fixed length control field 01180nam a22002777a 4500
005 - DATE AND TIME OF LATEST TRANSACTION
control field 20080918144619.0
008 - FIXED-LENGTH DATA ELEMENTS--GENERAL INFORMATION
fixed length control field 080918t xxu||||| |||| 00| j hin d
010 ## - LCCN (DPL NO)
LC control number HIN-84136
020 ## - INTERNATIONAL STANDARD BOOK NUMBER
International Standard Book Number 8190183664
Terms of availability 150.00
035 ## - SYSTEM CONTROL NUMBER
System control number HN-56482
037 ## - SOURCE OF ACQUISITION
Source of stock number/acquisition DBAD / PUB
040 ## - CATALOGING SOURCE
Original cataloging agency DPL
Language of cataloging HN
082 ## - DEWEY DECIMAL CLASSIFICATION NUMBER
Classification number
100 ## - MAIN ENTRY--PERSONAL NAME
Personal name सोनी, वेदप्रकाश
245 ## - TITLE STATEMENT
Title अमर पौराणिक कहानियाँ /
Statement of responsibility, etc वेदप्रकाश सोनी
246 ## - VARYING FORM OF TITLE
Title proper/short title Amara pauranika kahaniyan
Remainder of title by Ved Prakash Soni
260 ## - PUBLICATION, DISTRIBUTION, ETC. (IMPRINT)
Place of publication, distribution, etc नई दिल्ली
Name of publisher, distributor, etc एकता प्रकाशन
Date of publication, distribution, etc 2007
270 ## - ADDRESS
Address A-2 /174, Safdarjung Enclave
City New Delhi
Postal code 110029
300 ## - PHYSICAL DESCRIPTION
Extent 120पृ.
Dimensions 22सेमी(सजिल्द)
650 ## - SUBJECT ADDED ENTRY--TOPICAL TERM
Source of heading or term लघुकथाएँ, हिन्दी
650 ## - SUBJECT ADDED ENTRY--TOPICAL TERM
Source of heading or term Short stories, Hindi
650 ## - SUBJECT ADDED ENTRY--TOPICAL TERM
Source of heading or term हिन्दू पौराणिक कथाएँ
650 ## - SUBJECT ADDED ENTRY--TOPICAL TERM
Source of heading or term Hindu mythology
942 ## - ADDED ENTRY ELEMENTS (KOHA)
Source of classification or shelving scheme Dewey Decimal Classification
Item type Hindi Books
Classification part
Call number suffix सोनीवे
Holdings
Withdrawn status Lost status Source of classification or shelving scheme Damaged status Not for loan Home library Current library Date acquired Source of acquisition Cost, normal purchase price Total Checkouts Full call number Barcode Date last seen Copy number Cost, replacement price Koha item type
    Dewey Decimal Classification   Not For Loan D.B.Act.Division D.B.Act.Division 18/09/2008 DBAD / PUB 150.00   क सोनीवे HN-56482 18/09/2008 1 150.00 Hindi Books

© Delhi Public Library
Hit Counter
free hit counter